000 00424nam a2200181Ia 4500
008 210210b2002 xxu||||| |||| 00| 0 eng d
020 _a817099831X
041 _aeng
082 _a547.7 SINS
100 _aSINGH (Rajbir)
245 _aSynthetic drugs
260 _aNew Delhi
_bMittal Publications
_c2002
300 _a363
650 _aSynthetic
650 _adrugs
690 _aOrganic Chemistry
906 _a062373
999 _c117404
_d117404